[Event "Trofeo Intel Pentium"]
[Site "Milano ITA"]
[Date "2001.07.15"]
[Round "6"]
[White "Qendro, Llambi"]
[Black "Borgo, Giulio"]
[Result "1/2-1/2"]
[WhiteElo "2342"]
[BlackElo "2428"]
[PlyCount "178"]
[EventDate "2001.07.10"]

1. d4 d5 2. c4 e6 3. Nc3 Nf6 4. cxd5 exd5 5. Bg5 c6 6. e3 Be7 7. Qc2 Nbd7 8.
Bd3 Nh5 9. Bxe7 Qxe7 10. Nge2 g6 11. Ng3 Ng7 12. O-O O-O 13. Rab1 Nb6 14. b4 a6
15. Na4 Nxa4 16. Qxa4 h5 17. Rfe1 h4 18. Nf1 Bf5 19. Qc2 Bxd3 20. Qxd3 Nf5 21.
a4 Nd6 22. Nd2 Rfe8 23. Re2 Qf6 24. h3 Re6 25. Rbe1 Rae8 26. Nb1 Qe7 27. Nc3 b5
28. axb5 axb5 29. Ra1 Nf5 30. Rb2 Kg7 31. Nd1 Nd6 32. Rba2 Ne4 33. Qb3 Qf6 34.
Ra8 R8e7 35. R8a7 Re8 36. Ra8 R8e7 37. R8a7 Rxa7 38. Rxa7 g5 39. Qc2 Qd8 40.
Nc3 Nd6 41. Qd1 Nf5 42. Qd3 Qf6 43. Rc7 Qd8 44. Ra7 Rf6 45. Ne2 Nd6 46. Nc3 Qc8
47. f3 Qe8 48. e4 dxe4 49. fxe4 Nc8 50. Rb7 Rd6 51. Qe3 Rg6 52. Qf3 Nd6 53. Rc7
Rf6 54. Qg4 Kg6 55. Qd7 Qa8 56. Ra7 Qe8 57. e5 Re6 58. Qxe8 Nxe8 59. Ne4 Ng7
60. Nc5 Re8 61. Rc7 Ne6 62. Rxc6 Kf5 63. Nxe6 fxe6 64. Rb6 Rd8 65. Rxb5 Rxd4
66. Kf2 Rd2+ 67. Kf3 Rd3+ 68. Kf2 Rb3 69. Rb8 Kxe5 70. Rg8 Kf4 71. Rf8+ Ke4 72.
Rg8 Rb2+ 73. Kg1 Kf5 74. Rf8+ Ke5 75. Rg8 Kf6 76. Rf8+ Ke5 77. Rg8 Kf4 78. Rf8+
Ke4 79. Rg8 Rb1+ 80. Kf2 Rb2+ 81. Kg1 Rxb4 82. Rxg5 Ke3 83. Kh2 Re4 84. g3 Kf3
85. gxh4 Re2+ 86. Kg1 Re1+ 87. Kh2 Re2+ 88. Kg1 Re1+ 89. Kh2 Re2+ 1/2-1/2

[Event "Trofeo Intel Pentium"]
[Site "Milano ITA"]
[Date "2001.07.16"]
[Round "7"]
[White "Borgo, Giulio"]
[Black "Bellia, Fabrizio"]
[Result "1/2-1/2"]
[WhiteElo "2428"]
[BlackElo "2401"]
[PlyCount "20"]
[EventDate "2001.07.10"]

1. Nf3 Nf6 2. c4 e6 3. Nc3 d5 4. d4 Be7 5. cxd5 exd5 6. Bg5 c6 7. Qc2 Nbd7 8.
e3 O-O 9. Bd3 Re8 10. O-O Nf8 1/2-1/2

[Event "Trofeo Intel Pentium"]
[Site "Milano ITA"]
[Date "2001.07.16"]
[Round "7"]
[White "Cebalo, Miso"]
[Black "Qendro, Llambi"]
[Result "1/2-1/2"]
[WhiteElo "2476"]
[BlackElo "2342"]
[PlyCount "67"]
[EventDate "2001.07.10"]

1. d4 g6 2. c4 Bg7 3. e4 d6 4. Nc3 e5 5. dxe5 dxe5 6. Qxd8+ Kxd8 7. f4 c6 8.
Nf3 Nd7 9. Be2 f6 10. O-O Nh6 11. fxe5 Nxe5 12. Nxe5 fxe5 13. Bg5+ Ke8 14. Rad1
Nf7 15. Bh4 Be6 16. h3 g5 17. Bf2 h5 18. Be3 g4 19. Kh2 Bh6 20. Bxh6 Rxh6 21.
hxg4 hxg4+ 22. Kg3 Ke7 23. c5 Rd8 24. Rxd8 Nxd8 25. b3 Bd7 26. Bc4 b5 27. cxb6
axb6 28. Nd1 Rd6 29. a4 Rd4 30. Nf2 b5 31. axb5 cxb5 32. Be2 Rb4 33. Bd1 Nb7
34. Nxg4 1/2-1/2

[Event "Trofeo Intel Pentium"]
[Site "Milano ITA"]
[Date "2001.07.16"]
[Round "7"]
[White "Laketic, Gojko"]
[Black "Lazic, Miroljub"]
[Result "1/2-1/2"]
[WhiteElo "2444"]
[BlackElo "2465"]
[PlyCount "24"]
[EventDate "2001.07.10"]

1. e4 Nf6 2. e5 Nd5 3. d4 d6 4. Nf3 g6 5. Bc4 c6 6. O-O Bg7 7. Re1 dxe5 8. Nxe5
O-O 9. h3 Nd7 10. Nxd7 Bxd7 11. c3 Bf5 12. Nd2 Qc7 1/2-1/2

[Event "Trofeo Intel Pentium"]
[Site "Milano ITA"]
[Date "2001.07.16"]
[Round "7"]
[White "Lanzani, Mario"]
[Black "Valenti, Giuseppe"]
[Result "1-0"]
[WhiteElo "2380"]
[BlackElo "2201"]
[PlyCount "53"]
[EventDate "2001.07.10"]

1. d4 Nf6 2. c4 c5 3. d5 e6 4. Nc3 exd5 5. cxd5 d6 6. Nf3 g6 7. Nd2 Bg7 8. Nc4
O-O 9. Bf4 Na6 10. Bxd6 Re8 11. e3 Ne4 12. Nxe4 Rxe4 13. Bg3 b5 14. Nd6 Rb4 15.
Be2 Rxb2 16. O-O Qa5 17. a4 Rd2 18. Qe1 Qb4 19. Rb1 Rb2 20. Rxb2 Qxb2 21. Bxb5
Nb4 22. Qc1 a6 23. Be8 Qxc1 24. Rxc1 Nd3 25. Rd1 Nb2 26. Rb1 Bf5 27. Bxf7+ 1-0

[Event "Trofeo Intel Pentium"]
[Site "Milano ITA"]
[Date "2001.07.17"]
[Round "8"]
[White "Lanzani, Mario"]
[Black "Borgo, Giulio"]
[Result "1/2-1/2"]
[WhiteElo "2380"]
[BlackElo "2428"]
[PlyCount "27"]
[EventDate "2001.07.10"]

1. d4 d5 2. c4 e6 3. Nc3 c6 4. cxd5 exd5 5. Bf4 Bd6 6. Bxd6 Qxd6 7. e3 Ne7 8.
Bd3 Bf5 9. Bxf5 Nxf5 10. Qg4 g6 11. Nge2 Nd7 12. O-O h5 13. Qf4 Qxf4 14. Nxf4
1/2-1/2

[Event "Trofeo Intel Pentium"]
[Site "Milano ITA"]
[Date "2001.07.17"]
[Round "8"]
[White "Valenti, Giuseppe"]
[Black "Drazic, Sinisa"]
[Result "0-1"]
[WhiteElo "2201"]
[BlackElo "2480"]
[PlyCount "86"]
[EventDate "2001.07.10"]

1. e4 e5 2. Nf3 d6 3. d4 Nf6 4. Nc3 Nbd7 5. Bc4 Be7 6. O-O O-O 7. Re1 c6 8. a4
Qc7 9. h3 h6 10. Be3 Re8 11. dxe5 dxe5 12. Nh4 Bc5 13. Nf5 Bxe3 14. Rxe3 Nb6
15. Bb3 Bxf5 16. exf5 Rad8 17. Qf3 Nbd5 18. Ree1 Qa5 19. Ne4 Nxe4 20. Rxe4 Nf6
21. Re2 Rd4 22. g3 Qd8 23. c3 Rd3 24. Qg2 Rd2 25. Qf1 Qd3 26. Bc4 Qd7 27. Rxd2
Qxd2 28. Qe2 Qg5 29. Rd1 Qxf5 30. Kg2 h5 31. Qf3 Qxf3+ 32. Kxf3 Kf8 33. g4 g5
34. gxh5 Ke7 35. Rg1 Rg8 36. h4 g4+ 37. Ke3 Rh8 38. Be2 Rxh5 39. Bxg4 Rxh4 40.
Bc8 b6 41. Bb7 Kd6 42. Rg7 Rf4 43. Ke2 Ne4 0-1

[Event "Trofeo Intel Pentium"]
[Site "Milano ITA"]
[Date "2001.07.18"]
[Round "9"]
[White "Borgo, Giulio"]
[Black "Valenti, Giuseppe"]
[Result "1-0"]
[WhiteElo "2428"]
[BlackElo "2201"]
[PlyCount "81"]
[EventDate "2001.07.10"]

1. c4 c5 2. Nf3 Nf6 3. Nc3 Nc6 4. d4 cxd4 5. Nxd4 e6 6. Ndb5 d5 7. Bf4 e5 8.
cxd5 exf4 9. dxc6 bxc6 10. Qxd8+ Kxd8 11. O-O-O+ Bd7 12. Nd6 Bxd6 13. Rxd6 Ke7
14. Rd4 g5 15. g3 fxg3 16. hxg3 h5 17. Bg2 Rac8 18. Ra4 Rc7 19. Ra5 Rg8 20. Ne4
Nxe4 21. Bxe4 c5 22. Rxh5 Bg4 23. Rh1 Be6 24. Kc2 Rd8 25. Rd1 Rh8 26. Rh1 Rd8
27. Kc3 Rb8 28. f3 Rd8 29. Bd3 Rb8 30. Rh5 Kf6 31. Be4 Rd8 32. Bc2 Rb8 33. Rh6+
Kg7 34. Rh5 Kf6 35. f4 gxf4 36. gxf4 Rb4 37. Rhxc5 Rxc5+ 38. Rxc5 Rxf4 39. b3
Bg4 40. Bd3 Rf1 41. Kd2 1-0

[Event "Trofeo Intel Pentium"]
[Site "Milano ITA"]
[Date "2001.07.18"]
[Round "9"]
[White "Drazic, Sinisa"]
[Black "Lazic, Miroljub"]
[Result "1/2-1/2"]
[WhiteElo "2480"]
[BlackElo "2465"]
[PlyCount "35"]
[EventDate "2001.07.10"]

1. e4 e6 2. d4 d5 3. Nd2 Nf6 4. e5 Nfd7 5. Bd3 c5 6. c3 Nc6 7. Ne2 cxd4 8. cxd4
f6 9. exf6 Nxf6 10. Nf3 Bd6 11. O-O O-O 12. a3 Qc7 13. Bg5 Bd7 14. Rc1 Rae8 15.
Bh4 g6 16. Bg3 Nh5 17. Re1 a6 18. b4 1/2-1/2

[Event "Trofeo Intel Pentium"]
[Site "Milano ITA"]
[Date "2001.07.18"]
[Round "9"]
[White "Godena, Michele"]
[Black "Qendro, Llambi"]
[Result "1-0"]
[WhiteElo "2491"]
[BlackElo "2342"]
[PlyCount "45"]
[EventDate "2001.07.10"]

1. e4 g6 2. d4 Bg7 3. Nf3 c6 4. h3 d5 5. Nc3 dxe4 6. Nxe4 Nd7 7. Bd3 Ngf6 8.
Nxf6+ Nxf6 9. O-O O-O 10. Qe2 Qc7 11. Re1 Be6 12. c4 Rad8 13. Bg5 Rfe8 14. Rac1
Qc8 15. Qe3 Bf5 16. Bf1 Ne4 17. Bh6 Bxh6 18. Qxh6 Nf6 19. Rcd1 Rd6 20. c5 Re6
21. Re5 Rxe5 22. dxe5 Nd7 23. Rxd7 1-0

[Event "Festival A"]
[Site "Giardini-Naxos ITA"]
[Date "2001.07.02"]
[Round "1"]
[White "Caracci, Giuseppe"]
[Black "Petrov, Marijan"]
[Result "0-1"]
[WhiteElo "2053"]
[BlackElo "2463"]
[PlyCount "64"]
[EventDate "2001.07.02"]

1. d4 Nf6 2. Nf3 g6 3. c4 Bg7 4. Nc3 O-O 5. e4 d6 6. Be2 e5 7. O-O Na6 8. h3
exd4 9. Nxd4 Re8 10. Bf3 h6 11. Re1 Nh7 12. Nc2 Ng5 13. Bg4 Nc5 14. Bxc8 Rxc8
15. f3 c6 16. Be3 Be5 17. Ne2 Bxb2 18. Rb1 Bg7 19. Bxc5 dxc5 20. Rxb7 Qa5 21.
Qb1 Rcd8 22. h4 Ne6 23. Kf1 Rd2 24. a3 Qd8 25. g3 Qd3 26. Ncd4 Nxd4 27. Qxd3
Rxd3 28. Rxa7 Nxf3 29. Rc1 Rxe4 30. Nf4 Rd2 31. Rb1 Bd4 32. Rb8+ Kg7 0-1

[Event "Festival A"]
[Site "Giardini-Naxos ITA"]
[Date "2001.07.02"]
[Round "1"]
[White "Chatalbashev, Boris"]
[Black "Nikolic, Stanimir"]
[Result "1-0"]
[WhiteElo "2496"]
[BlackElo "2372"]
[PlyCount "61"]
[EventDate "2001.07.02"]

1. d4 d5 2. c4 c6 3. e3 Nf6 4. Nc3 e6 5. Nf3 Nbd7 6. Bd3 Bb4 7. O-O O-O 8. a3
Bd6 9. e4 dxc4 10. Bxc4 e5 11. h3 exd4 12. Nxd4 Be5 13. Be3 Nb6 14. Ba2 Re8 15.
a4 Bxd4 16. Bxd4 Nxe4 17. Nxe4 Rxe4 18. Bxf7+ Kxf7 19. Qf3+ Kg8 20. Qxe4 Nd5
21. Rfe1 Bd7 22. Ra3 Qf8 23. Rg3 Bf5 24. Bxg7 Bxe4 25. Bxf8+ Bg6 26. Bh6 Kf7
27. Rf3+ Kg8 28. h4 a5 29. Re5 Bc2 30. Rg5+ Kh8 31. Bg7+ 1-0

[Event "Festival A"]
[Site "Giardini-Naxos ITA"]
[Date "2001.07.03"]
[Round "2"]
[White "Isonzo, David"]
[Black "Chatalbashev, Boris"]
[Result "0-1"]
[WhiteElo "2315"]
[BlackElo "2496"]
[PlyCount "78"]
[EventDate "2001.07.02"]

1. e4 g6 2. d4 Bg7 3. Nc3 d6 4. Be3 a6 5. Qd2 Nd7 6. h4 h6 7. O-O-O b5 8. f3
Bb7 9. g3 Ngf6 10. g4 Nb6 11. b3 h5 12. gxh5 Nxh5 13. Bg2 b4 14. Nce2 a5 15.
Kb1 d5 16. Nh3 dxe4 17. fxe4 e5 18. Ng5 Qe7 19. d5 Nc8 20. Rdf1 Nd6 21. Rf2 Ba6
22. Rh3 Bxe2 23. Rxe2 Nb5 24. Rf2 Nc3+ 25. Ka1 O-O 26. a4 Rad8 27. Rh1 Nf4 28.
Bf3 Nfxd5 29. exd5 e4 30. Bg4 Rxd5 31. Qe1 Nxa4+ 32. Ka2 Nc3+ 33. Ka1 Nd1+ 34.
Kb1 Qe5 35. c3 Nxc3+ 36. Kc2 Nd1 37. Bc1 Nxf2 38. Qxf2 Qc3+ 39. Kb1 Qa1+ 0-1

[Event "Festival A"]
[Site "Giardini-Naxos ITA"]
[Date "2001.07.03"]
[Round "3"]
[White "Chatalbashev, Boris"]
[Black "Petrov, Marijan"]
[Result "1-0"]
[WhiteElo "2496"]
[BlackElo "2463"]
[PlyCount "69"]
[EventDate "2001.07.02"]

1. d4 Nf6 2. Nf3 g6 3. Nc3 Bg7 4. e4 d6 5. Be2 O-O 6. O-O c6 7. a4 a5 8. Be3
Na6 9. Nd2 Nb4 10. f4 d5 11. e5 Ne8 12. Ncb1 Bf5 13. Na3 f6 14. c3 Na6 15. g4
Bd7 16. h3 fxe5 17. fxe5 Rxf1+ 18. Qxf1 Nec7 19. Qf2 Ne6 20. Rf1 Be8 21. h4
Nac7 22. h5 g5 23. Bd3 h6 24. Nf3 Bd7 25. Nxg5 Nxg5 26. Bxg5 hxg5 27. Qf7+ Kh8
28. h6 Qg8 29. Qxe7 Be6 30. Qxc7 Bxh6 31. Rf6 Bg7 32. Rf2 Bh6 33. Qe7 Bxg4 34.
Rh2 Qg7 35. Qd6 1-0

[Event "Festival A"]
[Site "Giardini-Naxos ITA"]
[Date "2001.07.03"]
[Round "3"]
[White "Nikolic, Stanimir"]
[Black "Ortega, Lexy"]
[Result "1/2-1/2"]
[WhiteElo "2372"]
[BlackElo "2498"]
[PlyCount "83"]
[EventDate "2001.07.02"]

1. d4 d5 2. Nf3 e6 3. c4 dxc4 4. Qa4+ Nd7 5. Nc3 a6 6. e4 Rb8 7. Qxc4 b5 8. Qd3
Bb7 9. Bf4 Ngf6 10. Nd2 Rc8 11. e5 Nd5 12. Nxd5 Bxd5 13. Qg3 h6 14. Be2 c5 15.
dxc5 g5 16. Be3 Bxc5 17. O-O Bxe3 18. Qxe3 Qb6 19. Ne4 Ke7 20. Nd6 Rc6 21. Qd2
Nxe5 22. Nf5+ Kf6 23. Ne3 Rd8 24. Rad1 Rdd6 25. f4 Be4 26. fxe5+ Kxe5 27. Kh1
Rxd2 28. Ng4+ Kd6 29. Rxd2+ Bd5 30. Bf3 Ke7 31. Rfd1 Qc5 32. Ne5 Rc7 33. Bxd5
exd5 34. h3 h5 35. Rxd5 Qb6 36. Kh2 g4 37. hxg4 hxg4 38. Kg3 f5 39. Kf4 Qh6+
40. Kg3 Qf6 41. Kf4 Ke8 42. Nd3 1/2-1/2

[Event "Festival A"]
[Site "Giardini-Naxos ITA"]
[Date "2001.07.04"]
[Round "4"]
[White "Djuric, Stefan"]
[Black "Chatalbashev, Boris"]
[Result "1/2-1/2"]
[WhiteElo "2491"]
[BlackElo "2496"]
[PlyCount "43"]
[EventDate "2001.07.02"]

1. e4 g6 2. d4 Bg7 3. Nf3 d6 4. Be2 e6 5. O-O Ne7 6. Re1 b6 7. e5 d5 8. Bb5+ c6
9. Bf1 Ba6 10. Bxa6 Nxa6 11. a4 c5 12. Qe2 Nb8 13. c3 Nbc6 14. Na3 a6 15. b3
O-O 16. Rb1 cxd4 17. cxd4 Nb4 18. Bd2 Nec6 19. Bc3 Qe7 20. Qd2 Rfc8 21. h4 h5
22. Ng5 1/2-1/2

[Event "Festival A"]
[Site "Giardini-Naxos ITA"]
[Date "2001.07.04"]
[Round "4"]
[White "Licciardello, Salvatore"]
[Black "Nikolic, Stanimir"]
[Result "0-1"]
[WhiteElo "2020"]
[BlackElo "2372"]
[PlyCount "40"]
[EventDate "2001.07.02"]

1. e4 c5 2. Nc3 Nc6 3. g3 g6 4. Bg2 Bg7 5. d3 d6 6. f4 Nf6 7. Nf3 Bd7 8. O-O
Qc8 9. Be3 O-O 10. Kh1 Bh3 11. Qd2 Bxg2+ 12. Qxg2 b5 13. a3 Ng4 14. Bg1 b4 15.
axb4 cxb4 16. Nd1 a5 17. c3 Qa6 18. h3 Nf6 19. e5 Nh5 20. d4 Qxf1 0-1

[Event "Festival A"]
[Site "Giardini-Naxos ITA"]
[Date "2001.07.04"]
[Round "4"]
[White "Ortega, Lexy"]
[Black "Petrov, Marijan"]
[Result "1/2-1/2"]
[WhiteElo "2498"]
[BlackElo "2463"]
[PlyCount "88"]
[EventDate "2001.07.02"]

1. d4 g6 2. Nf3 Bg7 3. c4 c5 4. d5 d6 5. e4 e6 6. Nc3 Nf6 7. Bd3 O-O 8. O-O Na6
9. h3 Nc7 10. a4 Na6 11. Re1 Nb4 12. Bf1 e5 13. Bg5 h6 14. Be3 Nh5 15. Rc1 Nf4
16. Bxf4 exf4 17. Qd2 g5 18. e5 dxe5 19. Nxe5 Bf5 20. Nd3 Qb6 21. a5 Qxa5 22.
Ra1 Qd8 23. Nxc5 Nc2 24. Nxb7 Qb6 25. Na5 Qxb2 26. Na4 Qd4 27. Qxd4 Bxd4 28.
Rad1 Bd7 29. Rxd4 Bxa4 30. Rde4 Nxe1 31. Rxe1 Rfc8 32. Rc1 Rc5 33. Nb7 Rc7 34.
Nd6 Rd8 35. Ne4 f5 36. Nc3 Be8 37. Ra1 Rdc8 38. d6 Rd7 39. Nd5 Kg7 40. Ra5 Bg6
41. c5 Bf7 42. Ne7 Rxe7 43. dxe7 Rc7 44. c6 Kf6 1/2-1/2

[Event "Festival A"]
[Site "Giardini-Naxos ITA"]
[Date "2001.07.04"]
[Round "4"]
[White "Sarno, Spartaco"]
[Black "Gangemi, Salvatore"]
[Result "1-0"]
[WhiteElo "2400"]
[BlackElo "1975"]
[PlyCount "87"]
[EventDate "2001.07.02"]

1. Nf3 c5 2. c4 Nc6 3. Nc3 g6 4. e3 Bg7 5. d4 cxd4 6. exd4 d6 7. h3 Nf6 8. d5
Nb8 9. Be2 Nbd7 10. O-O O-O 11. Re1 Nc5 12. Bf1 a5 13. Bf4 Bf5 14. Nd4 Bd7 15.
Qd2 Re8 16. Bh6 Bh8 17. Re3 Na4 18. Nxa4 Bxa4 19. Rae1 Bg7 20. Bxg7 Kxg7 21. b3
Bd7 22. Qb2 h6 23. a4 Kh7 24. Bd3 Ra7 25. g4 b6 26. f4 Kg8 27. Qc2 Kg7 28. Qg2
Nh7 29. Qb2 Kg8 30. Qf2 Nf8 31. Qh4 e6 32. Qxh6 exd5 33. cxd5 Rxe3 34. Rxe3 Qf6
35. Nf3 Rc7 36. f5 Rc1+ 37. Kf2 Rc3 38. fxg6 fxg6 39. Be2 Rc7 40. Qg5 Qxg5 41.
Nxg5 Rc2 42. Ke1 Rc5 43. Ne4 b5 44. Nxc5 1-0

[Event "Festival A"]
[Site "Giardini-Naxos ITA"]
[Date "2001.07.05"]
[Round "5"]
[White "Chatalbashev, Boris"]
[Black "Ortega, Lexy"]
[Result "0-1"]
[WhiteElo "2496"]
[BlackElo "2498"]
[PlyCount "76"]
[EventDate "2001.07.02"]

1. g3 c5 2. Bg2 Nc6 3. c4 g6 4. Nc3 Bg7 5. Nf3 e5 6. a3 d6 7. O-O Nge7 8. b4 e4
9. Ne1 f5 10. Nc2 O-O 11. Bb2 Ne5 12. Ne3 Be6 13. d3 exd3 14. exd3 f4 15. gxf4
Rxf4 16. Bxb7 N7c6 17. Bxa8 Qxa8 18. Ncd5 Qf8 19. Bxe5 Bxe5 20. Ng2 Rf3 21. Re1
Bh3 22. Ra2 Nd4 23. Re4 Kh8 24. Nh4 Qh6 25. Ne3 Rf4 26. Nhg2 Rxe4 27. dxe4 Bxg2
28. f4 Bf3 29. Qa4 Qxf4 30. Qe8+ Kg7 31. Qd7+ Kh6 32. Nd5 Qg5+ 33. Kf1 Bg4 34.
Qe8 Bh3+ 35. Ke1 Qg1+ 36. Kd2 Qxh2+ 37. Kd3 Qxa2 38. Qf8+ Kg5 0-1

[Event "Festival A"]
[Site "Giardini-Naxos ITA"]
[Date "2001.07.05"]
[Round "5"]
[White "Petrov, Marijan"]
[Black "Sarno, Spartaco"]
[Result "1/2-1/2"]
[WhiteElo "2463"]
[BlackElo "2400"]
[PlyCount "44"]
[EventDate "2001.07.02"]

1. e4 d6 2. d4 Nf6 3. Nc3 g6 4. h3 Bg7 5. Be3 O-O 6. g4 e5 7. dxe5 dxe5 8. g5
Nfd7 9. Bc4 c6 10. a4 Qe7 11. h4 Qb4 12. Ba2 Nc5 13. Bxc5 Qxc5 14. Qf3 Na6 15.
h5 Nb4 16. hxg6 hxg6 17. Bb3 Be6 18. O-O-O Bxb3 19. cxb3 Rfd8 20. Nge2 Qe7 21.
Qe3 Qe6 22. Nb1 Na2+ 1/2-1/2

[Event "Festival A"]
[Site "Giardini-Naxos ITA"]
[Date "2001.07.05"]
[Round "6"]
[White "Djuric, Stefan"]
[Black "Petrov, Marijan"]
[Result "1-0"]
[WhiteElo "2491"]
[BlackElo "2463"]
[PlyCount "73"]
[EventDate "2001.07.02"]

1. d4 Nf6 2. Nf3 g6 3. g3 Bg7 4. Bg2 O-O 5. O-O c5 6. c3 d6 7. Re1 Nc6 8. d5
Ne5 9. Nxe5 dxe5 10. e4 Ne8 11. c4 Nd6 12. Qc2 f5 13. Nd2 Bd7 14. b3 f4 15. Bb2
g5 16. Nf3 Nf7 17. gxf4 gxf4 18. Kh1 Bf6 19. Rg1 Kh8 20. Ne1 Rg8 21. Nd3 b6 22.
Qe2 Qf8 23. Bf3 Qh6 24. Bh5 Rg6 25. Bxg6 hxg6 26. a3 Rc8 27. b4 cxb4 28. axb4
Rxc4 29. Rxa7 Bb5 30. d6 Nxd6 31. Nxe5 Rxb4 32. Qg4 g5 33. Qe6 Qg7 34. Rxe7
Bxe7 35. Nf7+ Nxf7 36. Bxg7+ Kxg7 37. Qxe7 1-0

[Event "Festival A"]
[Site "Giardini-Naxos ITA"]
[Date "2001.07.05"]
[Round "6"]
[White "Licciardello, Salvatore"]
[Black "Chatalbashev, Boris"]
[Result "0-1"]
[WhiteElo "2020"]
[BlackElo "2496"]
[PlyCount "108"]
[EventDate "2001.07.02"]

1. b4 c6 2. Bb2 a5 3. a3 Qb6 4. c3 e5 5. e3 d5 6. Qc2 Nf6 7. Nf3 Nbd7 8. Be2
Bd6 9. a4 axb4 10. cxb4 Qxb4 11. Ba3 Qe4 12. Qxe4 Nxe4 13. Bxd6 Nxd6 14. O-O b5
15. Rc1 Bb7 16. d4 e4 17. Nfd2 Ke7 18. Nc3 b4 19. Nd1 Ba6 20. Kf1 Bxe2+ 21.
Kxe2 Ra6 22. Nb2 f5 23. Rc2 Nb5 24. Nb3 Nc3+ 25. Ke1 Rc8 26. a5 c5 27. Nxc5
Nxc5 28. dxc5 Rxc5 29. Nd1 Rcxa5 30. Rxa5 Rxa5 31. Nxc3 Rc5 32. Nxd5+ Rxd5 33.
Rc7+ Rd7 34. Rc5 b3 35. Rb5 Rd3 36. Rxf5 Kd6 37. Rb5 Kc6 38. Rb8 Kc5 39. Ke2
Kc4 40. f3 Kc3 41. fxe4 Rd2+ 42. Kf3 b2 43. Rc8+ Kb3 44. e5 b1=Q 45. Rb8+ Kc2
46. Rxb1 Kxb1 47. Ke4 Rxg2 48. e6 Ra2 49. Ke5 Ra8 50. e4 Kc2 51. Kd6 Kd3 52. e5
Ke4 53. e7 Kf5 54. e6 Kf6 0-1

[Event "Festival A"]
[Site "Giardini-Naxos ITA"]
[Date "2001.07.05"]
[Round "6"]
[White "Sarno, Spartaco"]
[Black "Ortega, Lexy"]
[Result "1/2-1/2"]
[WhiteElo "2400"]
[BlackElo "2498"]
[PlyCount "21"]
[EventDate "2001.07.02"]

1. Nf3 d5 2. d4 e6 3. c4 Nf6 4. Nc3 c6 5. cxd5 exd5 6. Bg5 Be7 7. e3 Bf5 8. Bd3
Bxd3 9. Qxd3 Nbd7 10. O-O O-O 11. Qf5 1/2-1/2

[Event "Festival A"]
[Site "Giardini-Naxos ITA"]
[Date "2001.07.06"]
[Round "7"]
[White "Caracci, Giuseppe"]
[Black "Djuric, Stefan"]
[Result "0-1"]
[WhiteElo "2053"]
[BlackElo "2491"]
[PlyCount "82"]
[EventDate "2001.07.02"]

1. Nf3 g6 2. g3 Bg7 3. d4 d5 4. Bg2 Nf6 5. O-O O-O 6. Nbd2 a5 7. c4 a4 8. a3
Nc6 9. cxd5 Nxd5 10. e4 Nb6 11. d5 Na5 12. Qe2 e6 13. dxe6 Bxe6 14. Rd1 Qe7 15.
Ne1 Rfe8 16. Nc2 Rad8 17. Ne3 Rd7 18. Re1 Qc5 19. Bf1 Red8 20. Rb1 Bd4 21. Nf3
Nb3 22. Qb5 Qxb5 23. Bxb5 c6 24. Be2 Nxc1 25. Rbxc1 Bxe3 26. fxe3 f6 27. Nd4
Bf7 28. Kf2 Re7 29. Kf3 Nd7 30. Bd1 c5 31. Nb5 Ne5+ 32. Kg2 Nd3 33. Bxa4 Nxc1
34. Rxc1 Rxe4 35. Nc3 Rxe3 36. Kf2 Re5 37. Kg1 Rd2 38. Bc2 Kg7 39. Ne4 Rxc2 40.
Rxc2 Rxe4 41. Rxc5 Re3 0-1

[Event "Festival A"]
[Site "Giardini-Naxos ITA"]
[Date "2001.07.06"]
[Round "7"]
[White "Chatalbashev, Boris"]
[Black "Sarno, Spartaco"]
[Result "1-0"]
[WhiteElo "2496"]
[BlackElo "2400"]
[PlyCount "67"]
[EventDate "2001.07.02"]

1. d4 Nf6 2. c4 g6 3. Nc3 Bg7 4. e4 d6 5. Bd3 O-O 6. Nge2 Nc6 7. O-O Nh5 8. Bc2
e5 9. d5 Ne7 10. a4 f5 11. exf5 gxf5 12. Ng3 Nxg3 13. fxg3 c6 14. Bg5 Qb6+ 15.
Kh1 Ng6 16. Ra3 e4 17. g4 Ne5 18. Rb3 Qc5 19. gxf5 Bxf5 20. Bxe4 Bxe4 21. Nxe4
Qxc4 22. Nf6+ Bxf6 23. Bxf6 Qxd5 24. Rg3+ Ng6 25. Qc2 Rf7 26. Rxg6+ hxg6 27.
Qxg6+ Kf8 28. h4 Rc8 29. Re1 Qd2 30. Be7+ Ke8 31. Rf1 Qd5 32. Bxd6 Qxd6 33.
Qxf7+ Kd8 34. Re1 1-0

[Event "Festival A"]
[Site "Giardini-Naxos ITA"]
[Date "2001.07.06"]
[Round "7"]
[White "Isonzo, David"]
[Black "Nikolic, Stanimir"]
[Result "1-0"]
[WhiteElo "2315"]
[BlackElo "2372"]
[PlyCount "69"]
[EventDate "2001.07.02"]

1. e4 c5 2. Nf3 Nf6 3. e5 Nd5 4. Nc3 Nxc3 5. dxc3 Nc6 6. Bf4 Qb6 7. b3 g6 8.
Qd2 Qa5 9. Bc4 h6 10. O-O Bg7 11. h3 e6 12. a3 Qc7 13. Rfe1 b6 14. Bd3 Bb7 15.
Be4 g5 16. Bg3 Ne7 17. Rad1 Bc6 18. Qd3 Bf8 19. Nd2 O-O-O 20. Nc4 Nd5 21. Qf3
Be7 22. Bxd5 Bxd5 23. Rxd5 exd5 24. e6 Qc6 25. exf7 dxc4 26. Qxc6+ dxc6 27.
Rxe7 cxb3 28. cxb3 a5 29. Be5 Rhf8 30. Bg7 Rd1+ 31. Kh2 Rxf7 32. Rxf7 Rb1 33.
Bxh6 Rxb3 34. Bxg5 Rxc3 35. h4 1-0

[Event "Festival A"]
[Site "Giardini-Naxos ITA"]
[Date "2001.07.06"]
[Round "7"]
[White "Ortega, Lexy"]
[Black "Licciardello, Salvatore"]
[Result "1-0"]
[WhiteElo "2498"]
[BlackElo "2020"]
[PlyCount "37"]
[EventDate "2001.07.02"]

1. d4 Nf6 2. Nf3 e6 3. Bf4 b6 4. e3 Bb7 5. Nbd2 d5 6. c3 Bd6 7. Ne5 Nbd7 8. Bd3
O-O 9. Qf3 a6 10. Rd1 b5 11. Qh3 Re8 12. g4 Nf8 13. Rg1 Ne4 14. g5 Nxd2 15.
Kxd2 Bxe5 16. Bxe5 Qe7 17. Rg4 Rec8 18. Rdg1 c5 19. Bxh7+ 1-0

[Event "Festival A"]
[Site "Giardini-Naxos ITA"]
[Date "2001.07.06"]
[Round "7"]
[White "Petrov, Marijan"]
[Black "Bonaccorsi, Fabrizio"]
[Result "1-0"]
[WhiteElo "2463"]
[BlackElo "2149"]
[PlyCount "49"]
[EventDate "2001.07.02"]

1. e4 e6 2. d4 d5 3. e5 c5 4. c3 Qb6 5. Nf3 Bd7 6. Be2 Bb5 7. O-O Bxe2 8. Qxe2
Nc6 9. Be3 Nh6 10. dxc5 Bxc5 11. Bxh6 gxh6 12. b4 Bf8 13. Nbd2 Bg7 14. Nb3 Qc7
15. Rfe1 b6 16. Rac1 Rd8 17. c4 Qb7 18. c5 b5 19. Nbd4 a6 20. Nxc6 Qxc6 21. Nd4
Qb7 22. f4 Qc8 23. Rc3 Kd7 24. a4 bxa4 25. Ra1 1-0

[Event "Festival A"]
[Site "Giardini-Naxos ITA"]
[Date "2001.07.07"]
[Round "8"]
[White "Caracci, Giuseppe"]
[Black "Chatalbashev, Boris"]
[Result "0-1"]
[WhiteElo "2053"]
[BlackElo "2496"]
[PlyCount "60"]
[EventDate "2001.07.02"]

1. d4 g6 2. c4 Bg7 3. Nc3 c5 4. d5 d6 5. e4 e6 6. Nf3 exd5 7. cxd5 a6 8. a4 Bg4
9. Be2 Nd7 10. Nd2 Bxe2 11. Qxe2 Ne7 12. Nc4 Nb6 13. Ne3 O-O 14. O-O f5 15.
exf5 Nxf5 16. a5 Nd4 17. Qd1 Nd7 18. f4 Qe7 19. Nc4 Rae8 20. Kh1 Nf6 21. Bd2
Qd7 22. Ra3 Ne4 23. Nxe4 Rxe4 24. Nb6 Qb5 25. Be3 Rexf4 26. Rxf4 Rxf4 27. Ra1
Be5 28. g3 Rf7 29. Bxd4 Bxd4 30. Nc8 Qxb2 0-1

[Event "Festival A"]
[Site "Giardini-Naxos ITA"]
[Date "2001.07.07"]
[Round "8"]
[White "Djuric, Stefan"]
[Black "Isonzo, David"]
[Result "1-0"]
[WhiteElo "2491"]
[BlackElo "2315"]
[PlyCount "63"]
[EventDate "2001.07.02"]

1. d4 Nf6 2. Nf3 g6 3. g3 Bg7 4. Bg2 O-O 5. O-O d6 6. Re1 c5 7. c3 Nc6 8. d5
Na5 9. e4 b5 10. e5 dxe5 11. Nxe5 Bb7 12. Nc6 Bxc6 13. dxc6 Rc8 14. Be3 Qd6 15.
Bxc5 Qxc5 16. b4 Qb6 17. bxa5 Qc7 18. Qb3 a6 19. a4 bxa4 20. Rxa4 e6 21. Qb6
Nd5 22. Qxa6 Nxc3 23. Nxc3 Bxc3 24. Rc1 Ra8 25. Qb7 Bxa5 26. Rca1 Rab8 27. Rxa5
Rxb7 28. cxb7 Kg7 29. Ra8 Qe5 30. Rd1 Qe2 31. Rad8 Qe1+ 32. Bf1 1-0